On This Day: June 25th Quiz Stats

 Plays Quiz Updated Jun 25, 2017

Support Sporcle.
Go Orange.
Score 0/7 Timer 03:00
1 Play Today
Question Answer Wrong Answers
‘The Diary of a Young Girl’, better known as this, is first published.
1947
The Diary of Anne Frank
97.2%
Night
0.6%
The Hiding Place
1%
The Upstairs Room
0.7%
This symbol representing gay pride is displayed for the first time during the San Francisco Gay Freedom Day Parade.
1978
Rainbow Flag
92.8%
Purple Hand
0.9%
Pink Triangle
3.1%
Greek Letter Lambda
0.8%
This English singer-songwriter, who rose to fame as a member of the music duo ‘Wham!’, is born.
1963
George Michael
87.5%
Boy George
6.4%
George Harrison
2.2%
George Strait
1.8%
The ______ War begins. Though fighting ended 3 years later, the two principal belligerents are technically still at war.
1950
Korean
86.9%
Vietnam
5.8%
Gulf
3.5%
Afghan
2.5%
This well known battle begins, which ultimately results in the death of Lieutenant Colonel George Armstrong Custer.
1876
Battle of the Little Bighorn
85.2%
Wounded Knee Massacre
6.1%
First Battle of Bull Run
6%
Battle of Tippecanoe
2.6%
Prince releases his most successful studio album, ______.
1984
Purple Rain
84.3%
Musicology
1.3%
1999
4.8%
When Doves Cry
6.4%
This technology company is restructured to become an incorporated business in their home state of Washington.
1981
Microsoft
60.9%
Apple
20.2%
IBM
10.2%
Dell
5.8%

You're not logged in!

Compare scores with friends on all Sporcle quizzes.
OR
Log In
Forgot?

From the Vault

12 to 1 Sorting Gallery

by sproutcm

Let's see how well-calibrated your trivia knowledge is.
Remove Ads.
Support Sporcle.
Get the best of Sporcle when you Go Orange. This ad-free experience offers more features, more stats, and more fun while also helping to support Sporcle. Thank you for becoming a member.

Show Comments

Extras

Top Quizzes Today


Score Distribution

Your Account Isn't Verified!

In order to create a playlist on Sporcle, you need to verify the email address you used during registration. Go to your Sporcle Settings to finish the process.

Report this User

Report this user for behavior that violates our Community Guidelines.

Details: